| 000 | 00950cam a2200241 a 4500 | ||
|---|---|---|---|
| 005 | 20200104041516.0 | ||
| 008 | 961211s1996 sz ab b i000 0 eng d | ||
| 020 | _a2831703522 | ||
| 040 |
_aUkBaU _cUkBaU _dUk _dWU _dDLC _dCO-BoIAVH |
||
| 041 | 0 |
_aeng _bfre |
|
| 082 | 0 | 0 |
_a333.953 _bS79c |
| 245 | 0 | 0 |
_aPalms : _btheir conservation and sustained utilization : status survey and conservation action plan / _cedited by Dennis Johnson ; IUCN/SSC Palm Specialist Group. |
| 260 |
_aGland, Switzerland : _bIUCN, _cc1996. |
||
| 300 |
_aviii, 116 páginas : _bilustraciones, mapas ; _c28 x 22 cm. |
||
| 504 | _aIncluye referencias bibliográficas (páginas 93-98). | ||
| 546 | _aResumen también en francés. | ||
| 650 | 6 | _aPalmas. | |
| 650 | 6 | _aConservación de la Naturaleza | |
| 650 | 0 |
_aPalmas _xUtilización. |
|
| 700 | 1 |
_aJohnson, Dennis Victor, _d1937- |
|
| 710 | 2 | _aIUCN/SSC Palm Specialist Group. | |
| 942 |
_2ddc _cLIBRO |
||
| 999 |
_c930 _d930 |
||